Український правопис (Запис № 315650)
[ простий вигляд ]
| 000 -LEADER | |
|---|---|
| fixed length control field | 00787nam a22002537a 4500 |
| 001 - CONTROL NUMBER | |
| control field | 29268 |
| 003 - CONTROL NUMBER IDENTIFIER | |
| control field | UA-OsUOA |
| 005 - DATE AND TIME OF LATEST TRANSACTION | |
| control field | 20200607185158.0 |
| 007 - PHYSICAL DESCRIPTION FIXED FIELD--GENERAL INFORMATION | |
| fixed length control field | ta |
| 008 - FIXED-LENGTH DATA ELEMENTS--GENERAL INFORMATION | |
| fixed length control field | 20041006b un ||||| |||| 00| 0 ukr d |
| 020 ## - INTERNATIONAL STANDARD BOOK NUMBER | |
| International Standard Book Number | 966-00-0597-7 |
| 040 ## - CATALOGING SOURCE | |
| Original cataloging agency | UA-OsUOA |
| Language of cataloging | ukr |
| Transcribing agency | UA-OsUOA |
| Modifying agency | UA-OsUOA |
| 041 ## - LANGUAGE CODE | |
| Language code of text/sound track or separate title | ukr |
| 044 ## - COUNTRY OF PUBLISHING/PRODUCING ENTITY CODE | |
| MARC country code | UA |
| 080 ## - UNIVERSAL DECIMAL CLASSIFICATION NUMBER | |
| Universal Decimal Classification number | 81'35-161.2 |
| 090 ## - LOCALLY ASSIGNED LC-TYPE CALL NUMBER (OCLC); LOCAL CALL NUMBER (OCLC) | |
| Classification number (OCLC) (R) ; Classification number, CALL (RLIN) (NR) | 81'35-161.2 |
| Local cutter number (OCLC) ; Book number/undivided call number, CALL (RLIN) | У45 |
| 245 ## - TITLE STATEMENT | |
| Title | Український правопис |
| Statement of responsibility, etc | Ред. О. А. Дітель |
| 260 ## - PUBLICATION, DISTRIBUTION, ETC. (IMPRINT) | |
| Place of publication, distribution, etc | Київ |
| Name of publisher, distributor, etc | Наукова думка |
| Date of publication, distribution, etc | 2000 |
| 300 ## - PHYSICAL DESCRIPTION | |
| Extent | 240 с. |
| 650 #7 - SUBJECT ADDED ENTRY--TOPICAL TERM | |
| Topical term or geographic name as entry element | 8 Мовознавство. Художня література. Літературознавство |
| Source of heading or term | UDC |
| 942 ## - ADDED ENTRY ELEMENTS (KOHA) | |
| Koha item type | Книги |
| Source of classification or shelving scheme | Universal Decimal Classification |
| 955 ## - COPY-LEVEL INFORMATION (RLIN) | |
| Classification number, CCAL (RLIN) | Навчальні видання |
| Withdrawn status | Lost status | Source of classification or shelving scheme | Damaged status | Not for loan | Home library | Current library | Date acquired | Inventory number | Total Checkouts | Full call number | Barcode | Date last seen | Price effective from | Koha item type | Cost, normal purchase price |
|---|---|---|---|---|---|---|---|---|---|---|---|---|---|---|---|
| Universal Decimal Classification | АБ - Абонемент НБ | АБ - Абонемент НБ | 29/08/2012 | 54590 | 81'35-161.2 У45 | 54590 | 10/05/2022 | 06/10/2004 | Книги | ||||||
| Universal Decimal Classification | АБ - Абонемент НБ | АБ - Абонемент НБ | 29/08/2012 | 54591 | 81'35-161.2 У45 | 54591 | 10/05/2022 | 06/10/2004 | Книги | ||||||
| Universal Decimal Classification | АБ - Абонемент НБ | АБ - Абонемент НБ | 29/08/2012 | 54593 | 81'35-161.2 У45 | 54593 | 10/05/2022 | 06/10/2004 | Книги | ||||||
| Universal Decimal Classification | АБ - Абонемент НБ | АБ - Абонемент НБ | 29/08/2012 | 54594 | 81'35-161.2 У45 | 54594 | 10/05/2022 | 06/10/2004 | Книги | ||||||
| Universal Decimal Classification | АБ - Абонемент НБ | АБ - Абонемент НБ | 29/08/2012 | 54596 | 81'35-161.2 У45 | 54596 | 10/05/2022 | 06/10/2004 | Книги | ||||||
| Universal Decimal Classification | АБ - Абонемент НБ | АБ - Абонемент НБ | 29/08/2012 | 54598 | 81'35-161.2 У45 | 54598 | 10/05/2022 | 06/10/2004 | Книги | ||||||
| Withdrawn | Universal Decimal Classification | Not For Loan | АБ - Абонемент НБ | АБ - Абонемент НБ | 29/08/2012 | 55192 | 81'35-161.2 У45 | 55192 | 13/07/2019 | 06/10/2004 | Книги | ||||
| Universal Decimal Classification | АБ - Абонемент НБ | АБ - Абонемент НБ | 10/07/2007 | 55195 | 81'35.161.2 П64 | 55195 | 13/01/2022 | 10/07/2007 | Книги | ||||||
| Universal Decimal Classification | ЧЗ - Читальна зала | ЧЗ - Читальна зала | 06/10/2004 | 74167 | 81'35-161.2 У45 | 74167 | 07/02/2022 | 06/10/2004 | Книги | ||||||
| Universal Decimal Classification | ЧЗ - Читальна зала | ЧЗ - Читальна зала | 06/10/2004 | 74168 | 81'35-161.2 У45 | 74168 | 07/02/2022 | 06/10/2004 | Книги | 30.00 | |||||
| Universal Decimal Classification | ЧЗ - Читальна зала | ЧЗ - Читальна зала | 27/12/2007 | 74169 | 81'35-161.2 У45 | 74169 | 07/02/2022 | 06/10/2004 | Книги |